| 000 | 01093nac a22003257a 4500 | ||
|---|---|---|---|
| 001 | BR0700352 | ||
| 003 | BR-BrBNA | ||
| 005 | 20240105123341.0 | ||
| 008 | 230509b bl.|||m| |||| 00| 0 por d | ||
| 040 |
_aBR-BrBNA _bpor _cBiblioteca Nacional de Agricultura |
||
| 072 | _aF01; E16 | ||
| 090 | _a1190 BR0700352 | ||
| 100 | 1 | _aFerreira, E.G. | |
| 110 | 1 | _aEmpresa Estadual de Pesquisa Agropecuária da Paraíba S.A., João Pessoa, PB (Brasil) | |
| 245 | 1 | _aMangabeira (Hancornia speciosa). Sistema de Produção | |
| 260 | 3 |
_aJoão Pessoa, PB (Brasil): _c2006. |
|
| 300 | _a40 p. | ||
| 490 |
_aDocumentos - Empresa Estadual de Pesquisa Agropecuária da Paraíba S.A. (Brazil) _vno. 53 _xISSN 0102-0919 |
||
| 500 | _a11 ref.; 5 tables; 43 illus. | ||
| 650 | _aMANGABA | ||
| 650 | _aHANCORNIA SPECIOSA | ||
| 650 | _aPRÁTICA CULTURAL | ||
| 650 | _aPRAGA DE PLANTA | ||
| 650 | _aDOENÇA DE PLANTA | ||
| 650 | _aADUBAÇÃO | ||
| 650 | _aPROPAGAÇÃO VEGETATIVA | ||
| 650 | _aSISTEMA DE PRODUÇÃO | ||
| 909 |
_a202312 _bLúcia Elande _c55 _dLúcia Elande |
||
| 942 |
_2AGRIS _n0 _cMS |
||
| 999 |
_c295069 _d295069 |
||